Các điều ước quốc tế về thương mại

Bewaard in:
Bibliografische gegevens
Hoofdauteur: Nguyễn Minh Chí, TS
Formaat: Boek
Gepubliceerd in: Chính trị quốc gia 2004
Tags: Voeg label toe
Geen labels, Wees de eerste die dit record labelt!
Thư viện lưu trữ: Mạng thư viện Đại học Đà Nẵng
LEADER 00613nam a2200217 a 4500
001 000029879
003 19369
005 20171030145630.0
008 171030s2004
040 |a LTT 
082 0 |a 382.91  |b NG-C 
100 1 |a Nguyễn Minh Chí, TS 
245 0 0 |a Các điều ước quốc tế về thương mại  |c Nguyễn Minh Chí, Phạm Thế Hưng, Triệu Thị Thanh Hương. 
260 |b Chính trị quốc gia  |c 2004 
OWN |a LTT 
999 |a From the UDN01 
TYP |a Monograph 
TYP |a Printed language 
980 |a Mạng thư viện Đại học Đà Nẵng